International Conference The communist security apparatus in East Central Europe, 1944-1945 to 1989 abstracts of presentations ; Warsaw, 16-18 June 2005
| Corporate Author: | |
|---|---|
| Other Authors: | , , |
| Format: | Book |
| Language: | English German Polish |
| PhysicalDescription: | 83 s. 28 cm |
| Published: |
[Warsaw
s.n.
2005]
|
| ISBN: | (brož.) |
| Subjects: |
MARC
| LEADER | 00000nam a2200000 a 4500 | ||
|---|---|---|---|
| 001 | vtls008183089 | ||
| 003 | SK-MaSNL | ||
| 005 | 20260301015827.0 | ||
| 008 | 171123s2005 pl a 100 0 eng | ||
| 015 | |a SNBZSA2005-00287 | ||
| 020 | |a (brož.) | ||
| 035 | |a 66D8ED32-BE4A-41E0-9C54-0419342FBAD3 | ||
| 035 | |a urn:nbn:sk:snk-amlux7 | ||
| 035 | |a urn:nbn:sk:snk-am00ccnx | ||
| 040 | |a SNK |b slo |c SNK |e AACR2 | ||
| 041 | 0 | |a eng |a ger |a pol | |
| 043 | |a et----- | ||
| 044 | |a pl | ||
| 072 | 7 | |a 323 |x Vnútropolitický vývoj, politický život |2 konspekt | |
| 080 | |a 351.746.1 |x (4-191.2) |2 snkbuxs | ||
| 080 | |a 323.28 |x (4-191.2) |2 snkbuxs | ||
| 080 | |a 94(4-191.2) |x "1994/1989" |2 snkbuxs | ||
| 110 | 2 | |a Instytut Pamięci Narodowej (Varšava, Poľsko). |b Komisja Ścigania Zbrodni przeciwko Narodowi Polskiemu |4 aut |9 306248 | |
| 245 | 1 | 0 | |a International Conference The communist security apparatus in East Central Europe, 1944-1945 to 1989 |b abstracts of presentations ; Warsaw, 16-18 June 2005 |c edited by Łukasz Kamiński, Krzysztof Persak and Anna Piekarska |
| 246 | 3 | 0 | |a Communist security apparatus in East Central Europe, 1944-1945 to 1989 |
| 260 | |a [Warsaw |b s.n. |c 2005] | ||
| 300 | |a 83 s. |c 28 cm | ||
| 500 | |a Úvod a o organizátoroch súbežne angl., nem. a poľ., text čiast. angl., čiast. nem. | ||
| 648 | 7 | |a 1944/1989 |2 snkbuxs |9 306249 | |
| 650 | 0 | 7 | |a štátna polícia |2 snkbuxs |9 31427 |
| 650 | 0 | 7 | |a dejiny |2 snkbuxs |9 3825 |
| 651 | 7 | |a Európa stredná |2 snkbuxs |9 23970 | |
| 655 | 7 | |a zborníky |2 snkph |9 70165 | |
| 655 | 7 | |a autoreferáty |2 snkbuxs |9 70546 | |
| 700 | 1 | |a Kamiński, Łukasz, |d 1973- |4 edt |9 99476 | |
| 700 | 1 | |a Persak, Krzysztof, |d 1968- |4 edt |9 306250 | |
| 700 | 1 | |a Piekarska, Anna |4 edt |9 306251 | |
| 958 | |a OND | ||
| 958 | |a ZS | ||
| 958 | |a CZ | ||
| 958 | |a DE | ||
| 958 | |a PL | ||
| 999 | |c 561613 |d 563543 | ||
| 952 | |a SNK |b SNK |y PREZ |7 0 |p 17A0479336 |o snkSB 70893 |i snk2005/13986 |8 2 |g 4.32 |0 0 |1 0 |4 0 |d 2005-07-08 |f 1 |l 0 |r 2025-04-23 00:00:00 |w 2026-02-23 | ||


